1223 1441 1651 1240 1350 1722 1478 1582 1201 1466 1051 1346 1960 1951 1928 1409 1111 1905 1388 1894 1184 1619 1610 1766 1170 1218 1840 1234 1864 1061 1569 1943 1321 1442 1993 1447 1953 1838 1267 1373 1835 1661 1155 1473 1080 1811 1005 1329 1601 1035 1107 1769 1549 1622 1210 1253 1587 1720 1809 1762 1728 1538 1326 1059 1638 1520 1578 1805 1896 1942 1422 1151 1108 1752 1063 1806 1087 1525 1210 1341 1680 1593 1149 1384 1825 1150 1520 1256 1172 1546 1522 1027 1695 1022 1137 1753 1224 1074 1744 BCNSPRNW ULIB Ver.6.0+V

เปลี่ยนเป็นภาษาไทย

Change to English
 แสดงรายละเอียดบรรณานุกรม
  กลับหน้าหลัก

Brief Record : Get Marc (ISO 2709) : E-mail record : QR code < ปิดหน้าต่าง
LEADER : 00000nam 2200000uu 4500
001    13399111522
003     ULIB
008    110628s||||||||th 000 0 tha d
020    9749396014
020    9789749396018
050  4 BQ4302^bบ747ก ล.4 2549
100 0  บูรพา ผดุงไทย
245 10 เกิดแต่กรรม 4 กับแม่ชีทศพร^cบูรพา ผดุงไทย
250    พิมพ์ครั้งที่ 11
260    กรุงเทพฯ :^bบีพลัส,^c 2548
300    159 หน้า^bภาพประกอบสีบางภาพ
650  7 กรรม
945    ^p160^l0^i022918
995    ทศพร
999 ^a ใช้งานได้ทุกระบบ
รายการนี้ยังไม่มีแท็ก
คุณยังไม่ได้ล็อกอิน คุณสามารถมีกิจกรรมร่วมกับเว็บไซต์ได้ แต่ต้องล็อกอินก่อน ::
  ล็อกอิน

รายการสื่อสารสนเทศ

ลำดับที่ ประเภท เลขเรียก/บาร์โค้ด สถานที่ สถานะ
- ไม่พบข้อมูล -

รายการใกล้เคียง
    ผู้แต่ง [บูรพา ผดุงไทย]

    หัวเรื่อง [กรรม]

BibComment


ยังไม่เคยถูกคอมเมนท์

คอมเมนท์ทรัพยากรรายการนี้
  คอมเมนท์: เกิดแต่กรรม 4 กับ..


 Copyright 2026. Bcnsprnw @Library